Logo BPK

Biblioteka

Politechniki Koszalińskiej

Słownik łacińsko-polski. (Rekord nr 54435)

Szczegóły MARC
000 -ETYKIETA REKORDU
podpole kontrolne o stałej długości 00890nam a2200277 i 4500
001 - NUMER KONTROLNY REKORDU
pole kontrolne bg
015 ## - NUMER BIBLIOGRAFII NARODOWEJ
Numer bibliografii narodowej PB 14717/2007
020 ## - MIĘDZYNARODOWY ZNORMALIZOWANY NUMER KSIĄŻKI - ISBN
ISBN 9788301126346
020 ## - MIĘDZYNARODOWY ZNORMALIZOWANY NUMER KSIĄŻKI - ISBN
ISBN 9788301126001
040 ## - ŹRÓDŁO KATALOGOWANIA
Instytucja, która utworzyła rekord BPK
041 0# - KOD JĘZYKA
Kod języka tekstu lat
-- pol
044 ## - KOD KRAJU WYDAWCY/PRODUCENTA
Kod kraju wydawcy/producenta POL
080 ## - UNIWERSALNA KLASYFIKACJA DZIESIĘTNA - UKD
UKD 811.124::811.162.1]'374
920 ## - Międzynarodowy znormalizowany numer książki – ISBN
ISBN 978-83-01-12634-6 (t. 3)
920 ## - Międzynarodowy znormalizowany numer książki – ISBN
ISBN 978-83-01-12600-1 (t. 1-5)
008 - POLE O STAŁEJ DŁUGOŚCI - DANE KONTROLNE
podpole kontrolne o stałej długości 070625s2007 pl d |000 0 pol
245 00 - TYTUŁ/ODPOWIEDZIALNOŚĆ
Tytuł Słownik łacińsko-polski.
Oznaczenie części/sekcji dzieła T. 3,
Tytuł części/sekcji dzieła I-O /
Pozostałe elementy strefy tytułu i oznaczenia odpowiedzialności pod red. Mariana Plezi ; [oprac. haseł Maria Chigerowa et al.].
250 ## - STREFA WYDANIA
Oznaczenie wydania Wyd. 2 reprint, 1 dodr.
260 ## - STREFA ADRESU WYDAWNICZEGO
Miejsce wydania Warszawa :
Nazwa wydawcy/dystrybutora Wydawnictwo Naukowe PWN,
Data publikacji, dystrybucji/powstania dokumentu 2007.
300 ## - STREFA OPISU FIZYCZNEGO
Objętość VI, 751 s. ;
Rozmiary 24 cm.
650 #9 - HASŁO PRZEDMIOTOWE W FORMIE NAZWY OGÓLNEJ LUB JEDNOSTKOWEJ
Nazwa ogólna lub geograficzna Słownik łacińsko-polski
700 1# - HASŁO DODATKOWE - NAZWA OSOBOWA
Nazwa osobowa Plezia, Marian
Daty związane z nazwą (1917-1996).
Określenie związku między hasłem a opisywanym materiałem Red.
700 1# - HASŁO DODATKOWE - NAZWA OSOBOWA
Nazwa osobowa Chigerowa, Maria
942 ## - DODATKOWE ELEMENTY (KOHA)
Typ dokumentu Książka
Egzemplarze
Wycofany Status egzemplarza Uszkodzony Dostępność Lokalizacja stała Lokalizacja bieżąca Miejsce przechowywania Sygnatura Kod kreskowy Dział Typ dokumentu
      Tylko na miejscu Biblioteka Politechniki Koszalińskiej Biblioteka Politechniki Koszalińskiej Czytelnia Wydziałowa ul. Kwiatkowskiego 6e 85819 02406961 811.124(03) Język łaciński - encyklopedie, słowniki Książka
© 2023 Biblioteka Politechniki Koszalińskiej :: KOHA